Theodorus Meyer: Instituions juris naturalis
Elmentve itt :
| Szerző: | |
|---|---|
| Adatforrás: | Philobibl |
| Forrásdokumentuma: | Bölcseleti Folyóirat /3. évf 1888., 719-721. p. |
| Dokumentumtípus: | Cikk |
| Nyelv: | magyar |
| LEADER | 00332nab a2200109 c 4500 | ||
|---|---|---|---|
| 001 | bibDOK00011565 | ||
| 005 | 20200924120711.7 | ||
| 008 | 060518s1888 hu hun | ||
| 100 | 1 | |a Kiss János | |
| 245 | 1 | 0 | |a Theodorus Meyer: Instituions juris naturalis |c Kiss János |
| 500 | |a Ismertető | ||
| 773 | 0 | |t Bölcseleti Folyóirat /3. évf |g 1888., 719-721. p. | |